[Event "Penang op-B 5th"]
[Site "Penang"]
[Date "2013.12.11"]
[Round "4"]
[White "Mohd Radzuan, Muhd Harith Farhan"]
[Black "Tan, Shu Hang"]
[Result "1-0"]
[WhiteElo "1633"]
[BlackElo "1448"]
[PlyCount "55"]
[EventDate "2013.12.09"]
[EventType "swiss"]
[EventRounds "9"]
[EventCountry "MAS"]
[SourceTitle "CBM 158 Extra"]
[Source "ChessBase"]
[SourceDate "2014.02.28"]
[SourceVersion "1"]
[SourceVersionDate "2014.02.28"]
[SourceQuality "1"]

1. e4 e5 2. Nf3 Nc6 3. d4 exd4 4. Bc4 Bb4+ 5. c3 dxc3 6. bxc3 Qf6 7. Qb3 Bc5 8. Bg5 Qg6 9. 0-0 Na5 10. Qb5 Nxc4 11. Qxc5 Qc6 12. Qd4 f6 13. Bf4 b6 14. e5 Ba6 15. exf6 Qxf6 16. Qe4+ Ne7 17. Qxa8+ Nc8 18. Re1+ Kf8 19. Qe4 N8d6 20. Bxd6+ Nxd6 21. Qe5 Qf7 22. Nbd2 Bb7 23. Ng5 Qe8 24. Qf4+ Nf7 25. Rxe8+ Kxe8 26. Re1+ Kd8 27. Nxf7+ Kc8 28. Nxh8 1-0

[Event "Penang op-B 5th"]
[Site "Penang"]
[Date "2013.12.10"]
[Round "3"]
[White "Tan, Jun Hao"]
[Black "Tan, Shu Hang"]
[Result "0-1"]
[WhiteElo "1639"]
[BlackElo "1448"]
[PlyCount "58"]
[EventDate "2013.12.09"]
[EventType "swiss"]
[EventRounds "9"]
[EventCountry "MAS"]
[SourceTitle "CBM 158 Extra"]
[Source "ChessBase"]
[SourceDate "2014.02.28"]
[SourceVersion "1"]
[SourceVersionDate "2014.02.28"]
[SourceQuality "1"]

1. e4 e5 2. Nf3 Nc6 3. d4 exd4 4. Bc4 Bb4+ 5. c3 dxc3 6. Nxc3 Bxc3+ 7. bxc3 d6 8. 0-0 Bg4 9. Bxf7+ Kxf7 10. Qb3+ Ke8 11. Qxb7 Nge7 12. Qb5 Bxf3 13. gxf3 Qb8 14. Qa4 Qb6 15. Be3 Qa5 16. Qc4 Ne5 17. Qe2 Qxc3 18. f4 Qd3 19. Qb2 Nf3+ 20. Kg2 Qxe4 21. Qb5+ Kd8 22. Kh3 g5 23. fxg5 Qf5+ 24. Qxf5 Nxf5 25. Rfd1 Nxe3 26. fxe3 Nxg5+ 27. Kg4 Ne6 28. e4 Ke7 29. Rac1 Rhg8+ 0-1